The Beatles - Abbey Road - Statistics

General Stats
  • This quiz has been taken 305 times
  • The average score is 14 of 17
Answer Stats
# Song Name % Correct
7 Here Comes the Sun
93%
2 Something
93%
1 Come Together
92%
17 Her Majesty
88%
16 The End
88%
14 Golden Slumbers
87%
3 Maxwell's Silver Hammer
83%
5 Octopus's Garden
82%
15 Carry That Weight
81%
6 I Want You (She's So Heavy)
81%
12 Polythene Pam
81%
11 Mean Mr. Mustard
80%
4 Oh! Darling
79%
13 She Came in Through The Bathroom Window
79%
10 Sun King
79%
9 You Never Give me Your Money
78%
8 Because
77%
No matching quizzes found
Score Distribution
Percent of People with Each Score
Percentile by Number Answered
Your Score History
You have not taken this quiz